[Event "26. Torneo Collado Villalba"]
[Site "Collado Villalba ESP"]
[Date "2009.08.25"]
[Round "5.24"]
[White "Rodriguez Aguilera, Aurelio"]
[Black "Arauz Alonso, Fernando"]
[Result "0-1"]
[WhiteElo "1967"]
[BlackElo "2155"]
[PlyCount "164"]
[EventDate "2009.08.21"]
[EventType "swiss"]
[EventRounds "9"]
[EventCountry "ESP"]
[Source "lmi"]
[SourceDate "2009.08.21"]

1. d4 d5 2. c4 c6 3. cxd5 cxd5 4. Nf3 Nc6 5. e3 Nf6 6. Nc3 a6 7. a3 Bf5 8. Bd3
Bxd3 9. Qxd3 e6 10. b4 b5 11. Bb2 Bd6 12. O-O O-O 13. e4 dxe4 14. Nxe4 Nd5 15.
Nxd6 Qxd6 16. Rac1 Rfc8 17. Ng5 g6 18. Ne4 Qd8 19. Qf3 Nce7 20. Nf6+ Nxf6 21.
Qxf6 Nd5 22. Qf3 Rc4 23. Rxc4 bxc4 24. Rc1 Rc8 25. Bc3 Qd7 26. Qd1 Nb6 27. h3
Qa4 28. Qxa4 Nxa4 29. Kf1 Kf8 30. Ke2 Ke7 31. Ke3 Kd6 32. Kd2 Nb6 33. Rb1 Kc6
34. Ra1 Na4 35. Re1 Rd8 36. Kc2 Nb6 37. Ra1 Na4 38. Re1 Kb5 39. g3 Nb6 40. Rb1
Rd7 41. Ra1 Ka4 42. Rb1 Nd5 43. Re1 h5 44. h4 Nc7 45. Rd1 Rd5 46. Re1 Nb5 47.
Kb2 Nd6 48. Kc2 Nf5 49. Rb1 Ng7 50. Re1 Nf5 51. Rb1 Nxd4+ 52. Bxd4 Rxd4 53. Kc3
Rd3+ 54. Kxc4 Rxa3 55. Rd1 Ra2 56. Rd6 Rc2+ 57. Kd3 Rxf2 58. Rxa6+ Kxb4 59. Ke3
Rf5 60. Rc6 Rc5 61. Rb6+ Kc4 62. Rb7 Rf5 63. Ke4 Kc5 64. Rd7 Kc6 65. Ra7 Kd6
66. Ke3 Ke5 67. Rb7 Kf6 68. Ra7 Re5+ 69. Kf4 Rf5+ 70. Ke4 Rf1 71. Ke3 Rb1 72.
Kf3 Rb3+ 73. Kf2 e5 74. Rc7 Ke6 75. Ra7 f6 76. Ra6+ Kf5 77. Rc6 Ra3 78. Rb6
Ra2+ 79. Kf3 e4+ 80. Ke3 Ra3+ 81. Kf2 Kg4 82. Rxf6 Rf3+ 0-1

[Event "26. Torneo Collado Villalba"]
[Site "Collado Villalba ESP"]
[Date "2009.08.25"]
[Round "5.25"]
[White "Velasco Garcia, Jorge Juan"]
[Black "Nieto De La Cruz, Julio"]
[Result "0-1"]
[WhiteElo "1913"]
[BlackElo "2132"]
[PlyCount "54"]
[EventDate "2009.08.21"]
[EventType "swiss"]
[EventRounds "9"]
[EventCountry "ESP"]
[Source "lmi"]
[SourceDate "2009.08.21"]

1. d4 Nf6 2. c4 c5 3. d5 b5 4. cxb5 a6 5. Nc3 axb5 6. e4 b4 7. Nb5 d6 8. Bf4 g5
9. Bxg5 Nxe4 10. Bf4 Nf6 11. Bc4 Bg7 12. Nf3 Nbd7 13. Nxd6+ exd6 14. Bxd6 Ne4
15. Qe2 f5 16. Bb5 Kf7 17. Bxd7 Bxd7 18. Ne5+ Kg8 19. Nc4 Bb5 20. Bf4 Qxd5 21.
Nb6 Qc6 22. Qd1 Re8 23. Qb3+ Qe6 24. O-O-O Qxb3 25. axb3 Nxf2 26. Rhe1 Rxe1 27.
Rxe1 Nd3+ 0-1

[Event "26. Torneo Collado Villalba"]
[Site "Collado Villalba ESP"]
[Date "2009.08.25"]
[Round "5.26"]
[White "Luna Hermoso, Angel"]
[Black "Hernandez Yanez, Javier"]
[Result "0-1"]
[WhiteElo "2115"]
[BlackElo "1922"]
[PlyCount "108"]
[EventDate "2009.08.21"]
[EventType "swiss"]
[EventRounds "9"]
[EventCountry "ESP"]
[Source "lmi"]
[SourceDate "2009.08.21"]

1. e4 e6 2. d4 d5 3. exd5 exd5 4. c4 Bb4+ 5. Nc3 Nf6 6. Bg5 O-O 7. Bd3 dxc4 8.
Bxc4 c6 9. Nge2 Nbd7 10. O-O Nb6 11. Bd3 Be7 12. Qc2 h6 13. Bh4 Nbd5 14. Nxd5
Nxd5 15. Bxe7 Qxe7 16. Qc5 Be6 17. Qxe7 Nxe7 18. Nf4 Bd5 19. Rfe1 Rfe8 20. Re3
Kf8 21. Rae1 Bxa2 22. Nh5 Nd5 23. Rxe8+ Rxe8 24. Rxe8+ Kxe8 25. Nxg7+ Kd7 26.
Nf5 Nf4 27. Bf1 Ne6 28. g4 Bb1 29. Nxh6 Ke7 30. Bc4 b5 31. Bxe6 Kxe6 32. b4 Bd3
33. f4 a5 34. bxa5 b4 35. f5+ Ke7 36. Ng8+ Kf8 37. Nf6 Ke7 38. a6 Bxa6 39. Ne4
b3 40. f6+ Kf8 41. Kf2 b2 42. Nc3 Bd3 43. Ke3 b1=Q 44. Nxb1 Bxb1 45. Kf4 Kg8
46. h4 Kh7 47. Kg5 Ba2 48. h5 Bb1 49. Kh4 Bc2 50. g5 Bd1 51. g6+ fxg6 52. f7
Kg7 53. hxg6 Bc2 54. Kg5 Bd3 0-1

[Event "26. Torneo Collado Villalba"]
[Site "Collado Villalba ESP"]
[Date "2009.08.25"]
[Round "5.30"]
[White "Laynez Aspenberg, Jose"]
[Black "Ponce Lopez, Miguel"]
[Result "0-1"]
[WhiteElo "1932"]
[BlackElo "2185"]
[PlyCount "84"]
[EventDate "2009.08.21"]
[EventType "swiss"]
[EventRounds "9"]
[EventCountry "ESP"]
[Source "lmi"]
[SourceDate "2009.08.21"]

1. d4 Nf6 2. c4 g6 3. Nc3 Bg7 4. e4 d6 5. f4 O-O 6. Nf3 c5 7. d5 e6 8. Be2 exd5
9. cxd5 b5 10. e5 dxe5 11. fxe5 Ng4 12. Bxb5 Nxe5 13. O-O Bg4 14. Be2 Nxf3+ 15.
Bxf3 Bd4+ 16. Kh1 Bxf3 17. Qxf3 Nd7 18. Bh6 Ne5 19. Qh3 Re8 20. Ne4 Nc4 21. Bg5
Qxd5 22. Nf6+ Bxf6 23. Bxf6 Ne3 24. Rf3 Re6 25. Bc3 Nf5 26. Rd3 Nd4 27. Rf1
Rae8 28. Qh6 Re2 29. Rdf3 R8e5 30. R3f2 Rxf2 31. Rxf2 Qxa2 32. Qc1 Qe6 33. Qf1
Rf5 34. Rxf5 Qxf5 35. Qd1 Qc2 36. Qe1 Qe2 37. Qa1 Nc2 38. Qg1 Ne3 39. Be1 Nxg2
40. Bf2 Nf4 41. Bxc5 Qf3+ 42. Qg2 Qxg2# 0-1

[Event "26. Torneo Collado Villalba"]
[Site "Collado Villalba ESP"]
[Date "2009.08.25"]
[Round "5.31"]
[White "Garcia-Sanchez Navarro, Mariano"]
[Black "Unciti Juan, Javier"]
[Result "0-1"]
[WhiteElo "1600"]
[BlackElo "2107"]
[PlyCount "76"]
[EventDate "2009.08.21"]
[EventType "swiss"]
[EventRounds "9"]
[EventCountry "ESP"]
[Source "lmi"]
[SourceDate "2009.08.21"]

1. f4 d5 2. Nf3 Nf6 3. e3 g6 4. b3 Bg7 5. Bb2 O-O 6. Be2 c5 7. O-O Nc6 8. Ne5
d4 9. Nxc6 bxc6 10. Bf3 Ba6 11. d3 dxe3 12. Qe2 Rc8 13. Qxe3 Nd5 14. Qc1 Bxb2
15. Qxb2 Ne3 16. Re1 Nxc2 17. Qxc2 Qd4+ 18. Kh1 Qxa1 19. Qxc5 Bxd3 20. h3 Bxb1
21. Be4 Qxa2 22. Rxb1 e6 23. h4 Qe2 24. Bf3 Qd3 25. Rd1 Qxb3 26. h5 Qb2 27. h6
Qf6 28. g3 Qf5 29. Qxf5 exf5 30. Rc1 c5 31. g4 fxg4 32. Bxg4 Rc7 33. Be2 Re8
34. Rb1 c4 35. f5 c3 36. Bb5 Rb8 37. fxg6 hxg6 38. Rb4 Rxb5 0-1

[Event "26. Torneo Collado Villalba"]
[Site "Collado Villalba ESP"]
[Date "2009.08.25"]
[Round "5.32"]
[White "Rodriguez Yague, Fermin"]
[Black "Esquivias Gomez, Francisco J"]
[Result "0-1"]
[WhiteElo "1811"]
[BlackElo "2009"]
[PlyCount "86"]
[EventDate "2009.08.21"]
[EventType "swiss"]
[EventRounds "9"]
[EventCountry "ESP"]
[Source "lmi"]
[SourceDate "2009.08.21"]

1. e4 Nf6 2. e5 Nd5 3. Nc3 Nxc3 4. bxc3 d6 5. exd6 cxd6 6. d4 g6 7. Nf3 Bg7 8.
Bc4 O-O 9. O-O Qc7 10. Bb3 Qxc3 11. Bd2 Qc7 12. h3 Nc6 13. Be3 Na5 14. Qd2 b6
15. Bd5 Bb7 16. Bxb7 Qxb7 17. Rab1 Qd5 18. a4 Rac8 19. Rfc1 Rc4 20. Rb5 Qc6 21.
Rb4 Rc8 22. d5 Qb7 23. Rxc4 Rxc4 24. Nh2 Rxa4 25. Rb1 Nc4 26. Qd3 Qd7 27. Bd4
Ne5 28. Qc3 Rxd4 29. Qxd4 Nf3+ 30. Nxf3 Bxd4 31. Nxd4 Qa4 32. Rd1 Qc4 33. Nc6
Qxc2 34. Nxe7+ Kf8 35. Re1 Qd2 36. Re4 Qg5 37. f4 Qxe7 38. Rxe7 Kxe7 39. Kf1 b5
40. Ke2 f5 41. g4 a5 42. Kd3 fxg4 43. hxg4 Kf6 0-1

[Event "26. Torneo Collado Villalba"]
[Site "Collado Villalba ESP"]
[Date "2009.08.25"]
[Round "5.35"]
[White "Baeza Escudero, Javier"]
[Black "Ocana Lameiro, Oliver"]
[Result "0-1"]
[WhiteElo "1946"]
[BlackElo "1878"]
[PlyCount "72"]
[EventDate "2009.08.21"]
[EventType "swiss"]
[EventRounds "9"]
[EventCountry "ESP"]
[Source "lmi"]
[SourceDate "2009.08.21"]

1. e4 d5 2. exd5 Nf6 3. d4 Nxd5 4. c4 Nf6 5. Nf3 g6 6. Nc3 Bg7 7. Be2 O-O 8.
O-O c6 9. Re1 Nbd7 10. a4 Qc7 11. Bf1 Re8 12. Ne5 Nxe5 13. dxe5 Ng4 14. h3 Nxe5
15. Bf4 f6 16. c5 Be6 17. Bh2 Rad8 18. Qc2 Bf7 19. f4 Nd7 20. f5 Qa5 21. fxg6
Qxc5+ 22. Kh1 hxg6 23. Bg1 Qa5 24. Rab1 e5 25. b4 Qc7 26. Nb5 Qb8 27. Nxa7 Bd5
28. b5 Qd6 29. Qxg6 Qa3 30. Re3 Qxa4 31. Rg3 Re7 32. bxc6 bxc6 33. Rb7 Nf8 34.
Qxg7+ Rxg7 35. Rbxg7+ Kh8 36. Rg8+ Bxg8 0-1

[Event "26. Torneo Collado Villalba"]
[Site "Collado Villalba ESP"]
[Date "2009.08.25"]
[Round "5.38"]
[White "Perez Cameselle, Francisco"]
[Black "Alvarez Garcia, Fernando"]
[Result "1-0"]
[WhiteElo "1958"]
[BlackElo "1988"]
[PlyCount "25"]
[EventDate "2009.08.21"]
[EventType "swiss"]
[EventRounds "9"]
[EventCountry "ESP"]
[Source "lmi"]
[SourceDate "2009.08.21"]

1. d4 Nf6 2. c4 e5 3. dxe5 Ng4 4. Nf3 Nc6 5. e3 Ngxe5 6. Be2 Nxf3+ 7. Bxf3 Ne5
8. Be2 Bc5 9. O-O d6 10. Nc3 a5 11. b3 O-O 12. Bb2 Bf5 13. Na4 1-0

[Event "26. Torneo Collado Villalba"]
[Site "Collado Villalba ESP"]
[Date "2009.08.25"]
[Round "5.39"]
[White "Tevar Sanz, Gonzalo"]
[Black "Olives Barba, Carlos Jose"]
[Result "1-0"]
[WhiteElo "1882"]
[BlackElo "1978"]
[PlyCount "65"]
[EventDate "2009.08.21"]
[EventType "swiss"]
[EventRounds "9"]
[EventCountry "ESP"]
[Source "lmi"]
[SourceDate "2009.08.21"]

1. d4 e6 2. Nf3 f5 3. Bf4 Nf6 4. e3 b6 5. Be2 Bb7 6. Nc3 Bb4 7. O-O Bxc3 8.
bxc3 O-O 9. h3 d6 10. Bc4 Qe8 11. Ng5 Bd5 12. Bb3 h6 13. Nf3 Qc6 14. Bh2 g5 15.
Ne1 Qxc3 16. Bxd5 Nxd5 17. Qh5 Kg7 18. Nd3 Nf6 19. Qf3 Qc6 20. Qe2 Nbd7 21. c4
a5 22. h4 Rh8 23. Rac1 Rag8 24. h5 Qe4 25. c5 Ng4 26. cxd6 Nxh2 27. Rxc7 Nxf1
28. Rxd7+ Kf6 29. Ne5 Rg7 30. Qb5 Nxe3 31. f3 Qc2 32. Ng4+ fxg4 33. Qe5# 1-0

[Event "26. Torneo Collado Villalba"]
[Site "Collado Villalba ESP"]
[Date "2009.08.25"]
[Round "5.40"]
[White "Fernandez Garcia, Ignacio"]
[Black "Benitez Cadenas, Luis Miguel"]
[Result "0-1"]
[WhiteElo "1958"]
[BlackElo "1754"]
[PlyCount "66"]
[EventDate "2009.08.21"]
[EventType "swiss"]
[EventRounds "9"]
[EventCountry "ESP"]
[Source "lmi"]
[SourceDate "2009.08.21"]

1. e4 c5 2. b4 cxb4 3. d4 Nf6 4. e5 Nd5 5. Bd3 g6 6. Nf3 Bg7 7. h4 d6 8. Ng5
dxe5 9. h5 Nf4 10. Bxf4 exf4 11. Nd2 Qxd4 12. Rb1 Qe5+ 13. Nge4 f5 14. Nf3 Qa5
15. Ned2 Nc6 16. O-O Be6 17. Qe2 Bxa2 18. Ra1 Bxa1 19. Rxa1 Qd5 20. Nc4 Bxc4
21. Bxc4 Qe4 22. Qf1 Qxc2 23. Rd1 Rd8 24. Rc1 Qb2 25. Rb1 Qf6 26. h6 a6 27. Re1
Rd6 28. Rb1 g5 29. Qe1 g4 30. Nd2 Qh4 31. g3 fxg3 32. fxg3 Qxh6 33. Nf1 Qf6 0-1

[Event "26. Torneo Collado Villalba"]
[Site "Collado Villalba ESP"]
[Date "2009.08.25"]
[Round "5.41"]
[White "Algaba Traspuesto, Jose Antonio"]
[Black "Lopez Heras, Arturo"]
[Result "0-1"]
[WhiteElo "1746"]
[BlackElo "1931"]
[PlyCount "36"]
[EventDate "2009.08.21"]
[EventType "swiss"]
[EventRounds "9"]
[EventCountry "ESP"]
[Source "lmi"]
[SourceDate "2009.08.21"]

1. c4 Nf6 2. Nc3 d5 3. cxd5 Nxd5 4. Nf3 g6 5. g3 Nxc3 6. bxc3 Bg7 7. Bg2 O-O 8.
O-O e5 9. Rb1 Nc6 10. Qb3 Rb8 11. d3 Be6 12. c4 h6 13. Be3 Qd7 14. Nd2 Bh3 15.
Ne4 Bxg2 16. Kxg2 Nd4 17. Bxd4 exd4 18. Nc5 Qc6+ 0-1

[Event "26. Torneo Collado Villalba"]
[Site "Collado Villalba ESP"]
[Date "2009.08.25"]
[Round "5.42"]
[White "Franco Rincon, David"]
[Black "Prieto Velasco, Rafael"]
[Result "1-0"]
[WhiteElo "1787"]
[BlackElo "1727"]
[PlyCount "69"]
[EventDate "2009.08.21"]
[EventType "swiss"]
[EventRounds "9"]
[EventCountry "ESP"]
[Source "lmi"]
[SourceDate "2009.08.21"]

1. e4 e6 2. d4 d5 3. exd5 exd5 4. Bd3 Nc6 5. c3 Bd6 6. Nf3 Nge7 7. Bg5 f6 8.
Bh4 Bf5 9. O-O Qd7 10. Bb5 O-O-O 11. Nbd2 g5 12. Bg3 h5 13. Bxd6 Qxd6 14. b4 h4
15. Nb3 g4 16. Ne1 g3 17. Nf3 gxh2+ 18. Nxh2 Rdg8 19. Kh1 h3 20. g3 Be4+ 21.
Nf3 Nf5 22. Rg1 Nxg3+ 23. fxg3 Rxg3 24. Nbd2 Rhg8 25. Rxg3 Rxg3 26. Qe2 Rg2 27.
Nxe4 Qf4 28. Nf2 Nd8 29. Rg1 Qg3 30. Qf1 Qxf3 31. Rxg2 Ne6 32. Nxh3 Qxh3+ 33.
Rh2 Qe3 34. Rh8+ Nd8 35. Qf5+ 1-0

[Event "26. Torneo Collado Villalba"]
[Site "Collado Villalba ESP"]
[Date "2009.08.25"]
[Round "5.43"]
[White "Gonzalo Gonzalez, Francisco"]
[Black "Jimenez Gonzalez, Marcos"]
[Result "0-1"]
[WhiteElo "1853"]
[BlackElo "1897"]
[PlyCount "92"]
[EventDate "2009.08.21"]
[EventType "swiss"]
[EventRounds "9"]
[EventCountry "ESP"]
[Source "lmi"]
[SourceDate "2009.08.21"]

1. e4 e6 2. Nf3 d5 3. exd5 exd5 4. Nc3 Nf6 5. d4 Be7 6. Bf4 c6 7. Bd3 O-O 8. h3
Re8 9. Ne5 Ne4 10. Nxe4 dxe4 11. Bxe4 Be6 12. Qd3 g6 13. Bxg6 hxg6 14. Nxg6 Bg5
15. O-O Qf6 16. Qg3 Qxg6 17. Bxg5 f6 18. Bxf6 Qxg3 19. fxg3 Nd7 20. Bg5 c5 21.
c3 Rac8 22. Rf2 cxd4 23. cxd4 Nb6 24. b3 Bd5 25. Rd2 Re4 26. Rf1 Rce8 27. Rff2
Bc6 28. Bf6 Nd7 29. Bg5 Nb6 30. h4 Nd5 31. Kh2 Bd7 32. Bf6 Ne3 33. Kg1 Ng4 34.
Be5 Nxf2 35. Rxf2 Re1+ 36. Kh2 Rf8 37. Bf4 Bg4 38. Rc2 Rc8 39. Rc4 Rxc4 40.
bxc4 Kf7 41. d5 Re2 42. Kg1 Rxa2 43. c5 Rc2 44. Be3 a5 45. Kf1 a4 46. Ke1 Re2+
0-1

[Event "26. Torneo Collado Villalba"]
[Site "Collado Villalba ESP"]
[Date "2009.08.25"]
[Round "5.45"]
[White "Rodriguez Fenoy, Inmaculada"]
[Black "Guisado Gomez, Francisco"]
[Result "0-1"]
[WhiteElo "1707"]
[BlackElo "1799"]
[PlyCount "76"]
[EventDate "2009.08.21"]
[EventType "swiss"]
[EventRounds "9"]
[EventCountry "ESP"]
[Source "lmi"]
[SourceDate "2009.08.21"]

1. d4 d5 2. c4 e6 3. Nc3 c6 4. cxd5 exd5 5. Nf3 Nf6 6. Qc2 Be7 7. e3 Be6 8. Bd3
Nbd7 9. O-O O-O 10. Ng5 h6 11. Bh7+ Kh8 12. Nxe6 fxe6 13. Bg6 Ng8 14. e4 Qb6
15. Ne2 e5 16. dxe5 Nxe5 17. Nf4 Rxf4 18. Bxf4 Nxg6 19. Be3 Qa6 20. exd5 cxd5
21. Rfd1 Qe6 22. Rac1 Nh4 23. a3 Nf6 24. Qc7 Bd6 25. Qxb7 Re8 26. Qc6 Qe4 27.
Kf1 Qxg2+ 28. Ke2 Rxe3+ 29. Kxe3 Qe4+ 30. Kd2 Be5 31. Rc2 Nf3+ 32. Kc1 Nd4 33.
Qc8+ Kh7 34. Kb1 Nxc2 35. Qxc2 Qxc2+ 36. Kxc2 Bxh2 37. Rd2 h5 38. f3 Bg1 0-1

[Event "26. Torneo Collado Villalba"]
[Site "Collado Villalba ESP"]
[Date "2009.08.26"]
[Round "6.1"]
[White "Vazquez Igarza, Renier"]
[Black "Moreno Ruiz, Javier"]
[Result "1-0"]
[WhiteElo "2570"]
[BlackElo "2418"]
[PlyCount "135"]
[EventDate "2009.08.21"]
[EventType "swiss"]
[EventRounds "9"]
[EventCountry "ESP"]
[Source "lmi"]
[SourceDate "2009.08.21"]

1. Nf3 c5 2. e4 g6 3. c3 d5 4. exd5 Qxd5 5. Na3 Bg7 6. d4 Nh6 7. Nb5 Na6 8. Be2
cxd4 9. O-O d3 10. Qxd3 Qxd3 11. Bxd3 Bf5 12. Be2 O-O 13. Be3 b6 14. Nfd4 Be4
15. Nd6 exd6 16. Bxa6 Nf5 17. Nxf5 Bxf5 18. Rfd1 Rfd8 19. a4 Rab8 20. Bg5 f6
21. Bf4 Bf8 22. Rd4 Be6 23. h4 Kf7 24. f3 h5 25. Kf2 Be7 26. Re1 Bf8 27. Red1
Bb3 28. R1d2 Ra8 29. Bxd6 Rxd6 30. Rxd6 Bxd6 31. Rxd6 Bxa4 32. Bb7 Rb8 33. Bd5+
Kg7 34. b3 Be8 35. Re6 a5 36. c4 g5 37. hxg5 fxg5 38. Ke3 Bg6 39. Kd4 h4 40.
Be4 Rd8+ 41. Bd5 Rb8 42. Rd6 Bc2 43. Kc3 Bf5 44. Rc6 Re8 45. Kd2 Rb8 46. Rd6
Bg6 47. Be6 Kf6 48. Bg4+ Kg7 49. Kc3 Re8 50. Rxb6 Re2 51. Bh3 g4 52. fxg4 Be4
53. g5 Rc2+ 54. Kd4 Bxg2 55. Bxg2 Rxg2 56. Rh6 Rxg5 57. Rxh4 Rg3 58. Rh5 Rxb3
59. Rxa5 Kf6 60. Kd5 Ke7 61. Kc6 Rh3 62. Ra7+ Kd8 63. Ra8+ Ke7 64. c5 Rd3 65.
Kc7 Rd7+ 66. Kb6 Rd1 67. c6 Rb1+ 68. Kc7 1-0

[Event "26. Torneo Collado Villalba"]
[Site "Collado Villalba ESP"]
[Date "2009.08.26"]
[Round "6.3"]
[White "Suba, Mihai"]
[Black "Perez Gonzalez, Jose Manuel"]
[Result "0-1"]
[WhiteElo "2540"]
[BlackElo "2307"]
[PlyCount "32"]
[EventDate "2009.08.21"]
[EventType "swiss"]
[EventRounds "9"]
[EventCountry "ESP"]
[Source "lmi"]
[SourceDate "2009.08.21"]

1. c4 Nf6 2. Nc3 g6 3. e4 d6 4. d4 Bg7 5. Be2 O-O 6. Nf3 c5 7. O-O cxd4 8. Nxd4
Nc6 9. Be3 Bd7 10. Qd2 Nxd4 11. Bxd4 Bc6 12. Bd3 Nd7 13. Bxg7 Kxg7 14. b4 b6
15. f4 a5 16. a3 axb4 0-1

[Event "26. Torneo Collado Villalba"]
[Site "Collado Villalba ESP"]
[Date "2009.08.26"]
[Round "6.5"]
[White "Elissalt Cardenas, Hector"]
[Black "Rojas Keim, Luis"]
[Result "1/2-1/2"]
[WhiteElo "2317"]
[BlackElo "2453"]
[PlyCount "80"]
[EventDate "2009.08.21"]
[EventType "swiss"]
[EventRounds "9"]
[EventCountry "ESP"]
[Source "lmi"]
[SourceDate "2009.08.21"]

1. d4 Nf6 2. c4 g6 3. Nf3 Bg7 4. Nc3 d5 5. Bg5 Ne4 6. cxd5 Nxg5 7. Nxg5 e6 8.
Qd2 h6 9. Nf3 exd5 10. g3 O-O 11. Bg2 a5 12. O-O c6 13. e3 Nd7 14. Ne1 Nf6 15.
Nd3 Re8 16. f3 h5 17. Rfe1 b6 18. Ne5 Bb7 19. Rad1 Qd6 20. a3 Re7 21. f4 Rd8
22. Qc2 Ba8 23. b4 Ra7 24. Qb3 axb4 25. axb4 Bf8 26. Rb1 Bb7 27. e4 Ba6 28. b5
cxb5 29. Nxd5 Nxd5 30. exd5 Bb7 31. Qxb5 Bxd5 32. Bxd5 Qxd5 33. Nc6 Ra2 34.
Qxd5 Rxd5 35. Nb4 Bxb4 36. Rxb4 Rd2 37. Rxb6 R5xd4 38. Rb8+ Kg7 39. Rbe8 h4 40.
R1e2 hxg3 1/2-1/2

[Event "26. Torneo Collado Villalba"]
[Site "Collado Villalba ESP"]
[Date "2009.08.26"]
[Round "6.6"]
[White "Gallardo Garcia, Andres"]
[Black "Madina Yadarola, Martin A"]
[Result "1/2-1/2"]
[WhiteElo "2414"]
[BlackElo "2250"]
[PlyCount "145"]
[EventDate "2009.08.21"]
[EventType "swiss"]
[EventRounds "9"]
[EventCountry "ESP"]
[Source "lmi"]
[SourceDate "2009.08.21"]

1. d4 Nf6 2. c4 g6 3. Nc3 Bg7 4. e4 d6 5. f3 O-O 6. Be3 Nc6 7. Nge2 a6 8. Qd2
Rb8 9. Rb1 Bd7 10. b4 e5 11. d5 Ne7 12. Ng3 Ne8 13. Bd3 c6 14. O-O cxd5 15.
cxd5 b5 16. a4 f5 17. Nge2 f4 18. Ba7 Rb7 19. Bf2 g5 20. axb5 axb5 21. Ra1 h5
22. Ra6 Rf6 23. Rfa1 Nc7 24. Ra7 Rb8 25. Nc1 Nc8 26. R7a5 Rg6 27. Qe1 g4 28.
Bh4 Qe8 29. fxg4 hxg4 30. g3 Bh6 31. Nb3 Rg7 32. R5a2 Rf7 33. Nd1 fxg3 34. Bxg3
Rf3 35. Qc3 Qd8 36. Nd2 Rf7 37. Nf1 Nb6 38. Nde3 Na4 39. Qe1 Rf3 40. Rf2 Qg5
41. Rxf3 gxf3 42. Ra2 Rf8 43. Rf2 Ne8 44. Nf5 Qh5 45. Nxh6+ Qxh6 46. Nd2 Nf6
47. Rxf3 Ng4 48. Rxf8+ Kxf8 49. Nf1 Nb2 50. Be2 Nc4 51. Qc3 Nge3 52. Qa1 Ke7
53. Qe1 Nxf1 54. Bxf1 Bg4 55. Qf2 Qc1 56. Bh4+ Ke8 57. Qe1 Qf4 58. Bg3 Qg5 59.
Qc3 Bd7 60. Kf2 Bg4 61. Kg1 Bh5 62. Qe1 Bf3 63. Bd3 Kd8 64. h4 Qg4 65. Kh2 Nb2
66. Bc2 Nc4 67. Bb1 Kc7 68. Qf2 Kb7 69. Bd3 Bxe4 70. Qf7+ Ka6 71. Qf8 Bxd3 72.
Qa8+ Kb6 73. Qb8+ 1/2-1/2

[Event "26. Torneo Collado Villalba"]
[Site "Collado Villalba ESP"]
[Date "2009.08.26"]
[Round "6.7"]
[White "Cao Armillas, Jesus"]
[Black "Rubio Mejia, Luis Ignacio"]
[Result "1/2-1/2"]
[WhiteElo "2199"]
[BlackElo "2371"]
[PlyCount "44"]
[EventDate "2009.08.21"]
[EventType "swiss"]
[EventRounds "9"]
[EventCountry "ESP"]
[Source "lmi"]
[SourceDate "2009.08.21"]

1. d4 Nf6 2. c4 e6 3. Nc3 Bb4 4. e3 O-O 5. Bd3 d5 6. Nf3 c5 7. O-O dxc4 8. Bxc4
Nbd7 9. Qe2 b6 10. Rd1 Bb7 11. dxc5 Bxc3 12. bxc3 Qc7 13. cxb6 axb6 14. Bb3 e5
15. c4 Nc5 16. Bb2 Rfe8 17. h3 h6 18. Rac1 Qc6 19. Ne1 Nfd7 20. f3 e4 21. f4
Nf6 22. Rc2 Rad8 1/2-1/2

[Event "26. Torneo Collado Villalba"]
[Site "Collado Villalba ESP"]
[Date "2009.08.26"]
[Round "6.9"]
[White "Vazquez Torres, Adrian"]
[Black "Castano, Henry Augusto"]
[Result "1/2-1/2"]
[WhiteElo "2149"]
[BlackElo "2237"]
[PlyCount "58"]
[EventDate "2009.08.21"]
[EventType "swiss"]
[EventRounds "9"]
[EventCountry "ESP"]
[Source "lmi"]
[SourceDate "2009.08.21"]

1. e4 e5 2. Nf3 Nc6 3. Bb5 a6 4. Ba4 Nf6 5. O-O Be7 6. Re1 b5 7. Bb3 O-O 8. a4
Bb7 9. d3 d6 10. Nbd2 Qd7 11. Nf1 Rfe8 12. Ne3 h6 13. c3 Bf8 14. h3 Ne7 15. c4
Ng6 16. Nd5 Nxd5 17. cxd5 c6 18. dxc6 Bxc6 19. axb5 axb5 20. Rxa8 Rxa8 21. Bd2
Re8 22. Qc2 Bb7 23. d4 exd4 24. Nxd4 d5 25. Qd3 Ne5 26. Qxb5 Qxb5 27. Nxb5 Nd3
28. Rb1 Rxe4 29. Nc3 Rb4 1/2-1/2

[Event "26. Torneo Collado Villalba"]
[Site "Collado Villalba ESP"]
[Date "2009.08.26"]
[Round "6.10"]
[White "Perez de Aranda, Leonardo Ivan"]
[Black "Garcia Salamero, Gabriel"]
[Result "1/2-1/2"]
[WhiteElo "2224"]
[BlackElo "2034"]
[PlyCount "91"]
[EventDate "2009.08.21"]
[EventType "swiss"]
[EventRounds "9"]
[EventCountry "ESP"]
[Source "lmi"]
[SourceDate "2009.08.21"]

1. b3 d5 2. e3 c6 3. Bb2 Nf6 4. Nf3 Bg4 5. Be2 Bxf3 6. Bxf3 Nbd7 7. d3 e5 8.
Nd2 Bd6 9. Qe2 Qe7 10. g3 O-O 11. Bg2 a5 12. a4 Rfc8 13. O-O e4 14. dxe4 Nxe4
15. Nxe4 dxe4 16. Rad1 Nf6 17. Qc4 Be5 18. Bd4 Rd8 19. Bb6 Bc7 20. Bc5 Bd6 21.
Bxd6 Rxd6 22. Rd4 Rxd4 23. Qxd4 Rd8 24. Qb6 Rd5 25. c4 Rd3 26. Qxa5 Rxb3 27.
Rd1 g6 28. h4 Kg7 29. c5 Qe5 30. Bh3 h5 31. Qa7 Rxe3 32. Qxb7 Rxg3+ 33. fxg3
Qxg3+ 34. Bg2 Ng4 35. Qb2+ Kh7 36. Qe2 Qh2+ 37. Kf1 Qf4+ 38. Ke1 Ne3 39. Rd7
Qg3+ 40. Kd2 Nxg2 41. Qxe4 Qf2+ 42. Kc3 Qxc5+ 43. Kb3 Qb6+ 44. Ka2 Qf2+ 45. Kb3
Qb6+ 46. Ka2 1/2-1/2

[Event "26. Torneo Collado Villalba"]
[Site "Collado Villalba ESP"]
[Date "2009.08.26"]
[Round "6.13"]
[White "Arauz Alonso, Fernando"]
[Black "Gomez Peco, Pablo"]
[Result "1-0"]
[WhiteElo "2155"]
[BlackElo "2222"]
[PlyCount "99"]
[EventDate "2009.08.21"]
[EventType "swiss"]
[EventRounds "9"]
[EventCountry "ESP"]
[Source "lmi"]
[SourceDate "2009.08.21"]

1. d4 c6 2. Nf3 d5 3. e3 g6 4. c4 Bg7 5. Nc3 e6 6. Bd3 f5 7. O-O Nf6 8. Ne5 O-O
9. b3 Ne4 10. Bxe4 fxe4 11. f4 exf3 12. Nxf3 c5 13. Bb2 Nc6 14. dxc5 dxc4 15.
bxc4 Qa5 16. Qb3 Qxc5 17. Ne4 Qb4 18. Bxg7 Kxg7 19. Nd4 Rxf1+ 20. Rxf1 e5 21.
Nxc6 Qxb3 22. axb3 bxc6 23. Nc5 a6 24. Nd3 Rb8 25. Nxe5 Rxb3 26. Rf7+ Kh6 27.
Rc7 Be6 28. Rxc6 Bf5 29. Rxa6 Rxe3 30. Nf7+ Kg7 31. Nd6 Rc3 32. Kf2 Be6 33.
Ra7+ Kh6 34. Rc7 g5 35. h3 Kg6 36. Rc6 Kg7 37. Rc5 h6 38. Kg1 Rc2 39. Kh2 Kg6
40. Kg3 Rc3+ 41. Kh2 Rc2 42. Rc6 Kf6 43. Ne8+ Ke5 44. Nd6 Kf6 45. Ne8+ Ke5 46.
Nd6 Kf6 47. Nb7 Rxc4 48. Nc5 Rxc5 49. Rxc5 g4 50. h4 1-0

[Event "26. Torneo Collado Villalba"]
[Site "Collado Villalba ESP"]
[Date "2009.08.26"]
[Round "6.15"]
[White "Montanes Arribas, Adrian"]
[Black "Ramirez Garcia, Jorge Alberto"]
[Result "1-0"]
[WhiteElo "2091"]
[BlackElo "2203"]
[PlyCount "71"]
[EventDate "2009.08.21"]
[EventType "swiss"]
[EventRounds "9"]
[EventCountry "ESP"]
[Source "lmi"]
[SourceDate "2009.08.21"]

1. e4 e6 2. d4 d5 3. Nc3 Bb4 4. e5 c5 5. a3 Bxc3+ 6. bxc3 Qa5 7. Bd2 Qa4 8. Qg4
g6 9. Ra2 b6 10. Nf3 Ba6 11. Bxa6 Qxa6 12. Qf4 Nc6 13. Ra1 Qc4 14. dxc5 Qxf4
15. Bxf4 bxc5 16. Be3 c4 17. Rb1 O-O-O 18. Ke2 Nge7 19. Rb5 h6 20. Rhb1 Rd7 21.
Bc5 Kd8 22. Kd2 Re8 23. Bd6 Nc8 24. Bc5 g5 25. h3 f6 26. exf6 Rf7 27. Nd4 Ne5
28. Rb7 Rxf6 29. Bxa7 Rxf2+ 30. Ke3 Rxg2 31. Bb8 Rg3+ 32. Kf2 Rxh3 33. Bxe5 Rg8
34. Nxe6+ Ke8 35. Rc7 Rg6 36. Rb8 1-0